The wonderful narrative of Miss Julia Dean : the only survivor of the Steamship "City of Boston," lost at sea in 1870 /

Bibliographic Details
Main Author: Dean, Julia
Format: Microform Book
Language:English
Published: Philadelphia, Pa. : Barclay, 1880.

MARC

Tag First Indicator Second Indicator Subfields
LEADER 00000cam a2200000 a 4500
001 in00000745113
005 20151016091622.0
007 hd afa014baca
008 760913s1880 ctua a 00011 eng d
035 |a (OCoLC)02428776 
035 |9 ADH4586AM 
040 |a JNA  |c JNA  |d OCL  |d UtOrBLW 
049 |a TXAI 
090 |a PS15 
099 |a film  |a B  |a 1551 
100 1 |a Dean, Julia. 
245 1 4 |a The wonderful narrative of Miss Julia Dean :  |b the only survivor of the Steamship "City of Boston," lost at sea in 1870 /  |c written by Miss Dean. 
264 1 |a Philadelphia, Pa. :  |b Barclay,  |c 1880. 
300 |a 64 pages :  |b illustrations 
336 |a text  |b txt  |2 rdacontent 
337 |a microform  |b h  |2 rdamedia 
338 |a microfilm reel  |b hd  |2 rdacarrier 
533 |a Microfilm.  |b Woodbridge, Conn. :  |c Research Publications,  |d 1970-1978.  |e 1 microfilm reel ; 35 mm.  |f (Wright American fiction ; v. 3 (1876-1900), Reel W-47, no. 6053) 
500 |a Microform. 
999 |a MARS 
999 f f |s 9bb842cb-4e71-32f3-a6dc-2acd51b36407  |i f75cc742-62dd-3189-848f-5c3b925f5b2c  |t 0 
952 f f |p default  |a Texas A&M University  |b College Station  |c Sterling C. Evans Library  |d Evans: Microforms (3rd floor)  |t 0  |e film B 1551 v.3 reel W-47 no.6053  |h Other scheme  |i microform -- microfilm reel 
998 f f |a film B 1551 v.3 reel W-47 no.6053  |t 0  |l Evans: Microforms (3rd floor)